Statistics for A confusing quiz (read instructions)

Click here to take the quiz!

General Stats

  • This quiz has been taken 21 times
  • The average score is 11 of 17

Answer Stats

HintAnswer% Correct
6thSpringfield
94%
6thAlbany
82%
6thSacramento
76%
14thFrankfort
71%
23rdOlympia
71%
10thAugusta
65%
6thCarson City
65%
9thHarrisburg
65%
6thHelena
65%
15thJefferson City
65%
8thPierre
65%
5thTopeka
65%
6thAnnapolis
59%
8thTallahassee
59%
5thLansing
53%
10thTrenton
53%
17thMontpelier
41%

Score Distribution

Percentile by Number Answered

Percent of People with Each Score

Your Score History

You have not taken this quiz